000 01097nam a2200289ua 4500
001 1407340
003 CO-ViMGA
005 20230915233611.0
008 130614s2013 ck r 00010dspa d
020 _a9789583040665
040 _aCO-ViMGA
_bspa
_cCO-ViMGA
082 0 4 _a398.21
_221
_bB71b
100 1 _aBrasey, Edouard,
_d1954-
_9612
245 1 3 _aLa encinclopedia de lo maravilloso :
_bbestiario fantastico /
_cEdouard Brasey ; ilustrador Sandrine Gestin ; traductora Juliana Camacho.
250 _aEditora Diana Lopez de Mesa O.
260 _aBogota :
_bPanamericana Editorial,
_c2013.
300 _a160 p. ;
_c28 cm.
504 _aIncluye bibliografia e indice.
534 _pTitulo original. :
_tL Encyclopodie du merveilleux : du bestiaire fantastique.
650 1 4 _aLiteratura fantastica
_v Enciclopedias.
_9621
650 1 4 _aMitologia
_v Enciclopedias.
_9620
650 1 4 _aPersonajes fantasticos
_v Enciclopedias.
_9619
700 1 _aCamacho, Juliana,
_etr.
_9622
700 1 _aGestin, Sandrine,
_eil.
_9617
700 1 _aLopez de Mesa O., Diana,
_eed.
_9179
942 _2ddc
_cBK
999 _c8030
_d8030